| 000 | 00417nam a2200169Ia 4500 | ||
|---|---|---|---|
| 008 | 260520s2025 xx 000 0 und d | ||
| 020 | _a9789363869767 | ||
| 041 | _aeng | ||
| 082 | _a658.8/KOT | ||
| 100 | _aKotler, Philip | ||
| 245 | _aEntrepreneurial Marketing | ||
| 250 | _a1st ed | ||
| 260 |
_aNEW DELHI _bWiley India pvt Litd _c2025 |
||
| 300 | _a266p. | ||
| 500 | _aCat No: 15117 | ||
| 650 | _aMANAGEMENT | ||
| 999 |
_c1222194 _d1222194 |
||